000 00602nam a2200217 i 4500
001 88767
003 ES-MaACL
005 20250807233757.0
007 t|
008 041213s1976 cc ||||1| spa d
080 _a569.9
080 _a572.1/.4
100 1 _aLan-po, Chia.
_969883
245 1 0 _aCueva-hogar del hombre de Pekín /
_cChia Lan-po.
250 _a1ª ed.
260 _aPekin :
_bEdiciones en Lenguas extranjeras,
_c1976.
300 _a59 p. :
_bil. ;
_c19 cm.
650 1 4 _aHombre prehistórico-
_zChina
_913453
852 _aES-MaACL
_jE-10625
_bR.134812
999 _c88767
_d88767